Estudios y ensayos sobre el exilio republicano de 1939 / (Record no. 178072)

MARC details
000 -LEADER
campo de control de longitud fija 01153nam a2200301 4500
001 - NÚMERO DE CONTROL
campo de control 178072
003 - IDENTIFICADOR DE NÚMERO DE CONTROL
campo de control ES-MaACL
005 - FECHA Y HORA DE LA ÚLTIMA TRANSACCIÓN
campo de control 20250706063014.0
008 - DATOS DE LONGITUD FIJA--INFORMACIÓN GENERAL
campo de control de longitud fija 110516s2006 sp | |||| |bspa d
020 ## - NÚMERO INTERNACIONAL ESTÁNDAR DEL LIBRO
Número Internacional Estándar del Libro 84-8472-277-5
080 ## - NÚMERO DE LA CLASIFICACIÓN DECIMAL UNIVERSAL
Número de la Clasificación Decimal Universal 929 Llorens, Vicente
080 ## - NÚMERO DE LA CLASIFICACIÓN DECIMAL UNIVERSAL
Número de la Clasificación Decimal Universal 929-054.7(=1.460:100):008"19"
100 1# - ENTRADA PRINCIPAL--NOMBRE DE PERSONA
Nombre de persona Llorens, Vicente,
Fechas asociadas al nombre 1906-1979
9 (RLIN) 72884
245 10 - MENCIÓN DEL TÍTULO
Título Estudios y ensayos sobre el exilio republicano de 1939 /
Mención de responsabilidad, etc. Vicente Llorens ; edición, estudio introductorio y notas de Manuel Aznar Soler.
260 ## - PUBLICACIÓN, DISTRIBUCIÓN, ETC.
Lugar de publicación, distribución, etc. Sevilla :
Nombre del editor, distribuidor, etc. Renacimiento,
Fecha de publicación, distribución, etc. 2006.
300 ## - DESCRIPCIÓN FÍSICA
Extensión 454 p. :
Otras características físicas 1 retr. ;
Dimensiones 22 cm.
490 1# - MENCIÓN DE SERIE
Mención de serie Biblioteca del exilio ;
Designación de volumen o secuencia 26
504 ## - NOTA DE BIBLIOGRAFÍA, ETC.
Nota de bibliografía, etc. Bibliografía: p. 83-97.
600 14 - PUNTO DE ACCESO ADICIONAL DE MATERIA--NOMBRE DE PERSONA
Nombre de persona Llorens, Vicente,
Fechas asociadas al nombre 1906-1979
9 (RLIN) 72884
650 #7 - PUNTO DE ACCESO ADICIONAL DE MATERIA--TÉRMINO DE MATERIA
Término de materia o nombre geográfico como elemento de entrada Exiliados españoles-
Subdivisión general Vida intelectual.
9 (RLIN) 143431
700 1# - ENTRADA AGREGADA--NOMBRE PERSONAL
Nombre de persona Aznar Soler, Manuel.
9 (RLIN) 24318
830 0# - PUNTO DE ACCESO ADICIONAL DE SERIE-TÍTULO UNIFORME
Título uniforme Biblioteca del exilio ;
Designación de volumen o secuencia 26
9 (RLIN) 180374
852 ## - LOCALIZACIÓN
Ubicación ES-MaACL
itemnumber 184931
Sublocalización o colección R.145753
Número de control de estantería A-11186
Ubicación en estantería Depósito 1
Signatura antigua Olim: N-4191
Encuadernación Donación: Jose Esteban
903 ## - NOMBRE PERSONAL DE DONANTE
9 234040
a Esteban, José
e Donante
942 ## - ELEMENTOS DE ENTRADA SECUNDARIOS (KOHA)
Fuente del sistema de clasificación o colocación Clasificación decimal universal
Tipo de ítem Koha Libro impreso
Holdings
Estatus retirado Estado de pérdida Fuente del sistema de clasificación o colocación Estado de daño No para préstamo Biblioteca de origen Biblioteca actual Ubicación en estantería Fecha de adquisición Fuente de adquisición Total de préstamos Signatura topográfica completa Código de barras Visto por última vez Precio de reemplazo Tipo de ítem Koha
    Clasificación decimal universal     Biblioteca del Ateneo de Madrid Biblioteca del Ateneo de Madrid Depósito 1 16/05/2011 Donación   A-11186 1187064 23/02/2023 23/02/2023 Libro impreso